Normal view
MARC view
- Thornton, Kathryn
Entry Personal Name
001 - CONTROL NUMBER
- control field: 82167
003 - CONTROL NUMBER IDENTIFIER
- control field: NUST
005 - DATE AND TIME OF LATEST TRANSACTION
- control field: 20210907100041.0
008 - FIXED-LENGTH DATA ELEMENTS
- fixed length control field: 210907|| aca||aabn | a|a d
040 ## - CATALOGING SOURCE
- Original cataloging agency: NUST
- Transcribing agency: NUST
100 ## - HEADING--PERSONAL NAME
- Personal name: Thornton, Kathryn
670 ## - SOURCE DATA FOUND
- Source citation: Work cat.: (NUST): Thornton, Kathryn, Answer Book: , 2009.
